[Event "CRO Cup"]
[Site "Mali Losinj"]
[Date "2019.05.15"]
[Round "1.123"]
[White "Galic, Kruno"]
[Black "Filipovic, Marko"]
[Result "0-1"]
[WhiteElo "2041"]
[BlackElo "2324"]
[PlyCount "66"]
[EventDate "2019.05.15"]
[EventType "team-swiss"]
[EventRounds "6"]
[EventCountry "CRO"]
[SourceTitle "CBM 190 Extra"]
[Source "ChessBase"]
[SourceDate "2019.07.15"]
[SourceVersion "1"]
[SourceVersionDate "2019.07.15"]
[SourceQuality "1"]
[WhiteTeam "Sisak"]
[BlackTeam "Dakovo"]
[WhiteTeamCountry "CRO"]
[BlackTeamCountry "CRO"]

1. d4 Nf6 2. c4 c5 3. e3 cxd4 4. exd4 d5 5. Nc3 Nc6 6. Nf3 e6 7. Be2 Be7 8. 0-0 0-0 9. h3 dxc4 10. Bxc4 b6 11. a3 Bb7 12. Qd3 Rc8 13. Rd1 Na5 14. Ba2 Qc7 15. Bg5 Rfd8 16. Rac1 Qb8 17. Ne5 Nc6 18. Qe3 Nxe5 19. dxe5 Nd5 20. Bxd5 Bxg5 21. Qxg5 Bxd5 22. Nxd5 Rxd5 23. Rxc8+ Qxc8 24. Rxd5 exd5 25. Qe7 h6 26. g3 d4 27. Qd6 Qc1+ 28. Kg2 Qc4 29. Qd8+ Kh7 30. Qd7 d3 31. Kf3 h5 32. Ke3 Qc1+ 33. Kf3 d2 0-1

[Event "CRO-chT1A 27th"]
[Site "Biograd"]
[Date "2018.09.10"]
[Round "3.56"]
[White "Filipovic, Marko"]
[Black "Zelcic, Robert"]
[Result "0-1"]
[WhiteElo "2321"]
[BlackElo "2520"]
[PlyCount "70"]
[EventDate "2018.09.08"]
[EventType "team-tourn"]
[EventRounds "9"]
[EventCountry "CRO"]
[SourceTitle "CBM 186 Extra"]
[Source "ChessBase"]
[SourceDate "2018.08.24"]
[SourceVersion "1"]
[SourceVersionDate "2018.08.24"]
[SourceQuality "1"]
[WhiteTeam "Dakovo"]
[BlackTeam "Zagreb Zagreb"]
[WhiteTeamCountry "CRO"]
[BlackTeamCountry "CRO"]

1. d4 Nf6 2. Nf3 e6 3. g3 d5 4. Bg2 b5 5. a4 b4 6. a5 Be7 7. c4 bxc3 8. bxc3 0-0 9. 0-0 Ba6 10. Nbd2 Nbd7 11. Re1 c5 12. Ne5 Rc8 13. Qa4 cxd4 14. Nc6 Nc5 15. Nxe7+ Qxe7 16. Qxd4 e5 17. Qh4 Qc7 18. Ba3 Rfe8 19. g4 h6 20. Bb4 Ne6 21. e3 Nc5 22. Nf1 Nd3 23. Ng3 Nxe1 24. Rxe1 Bd3 25. Nf5 Bxf5 26. gxf5 Qd8 27. Rd1 Rc4 28. Qh3 Ne4 29. Bf1 Nxc3 30. Bxc4 Nxd1 31. Be2 Qg5+ 32. Qg2 Qxf5 33. e4 Qf4 34. Bxd1 Rb8 35. exd5 Rxb4 0-1

[Event "CRO Cup"]
[Site "Mali Losinj"]
[Date "2018.05.17"]
[Round "3.33"]
[White "Loncar, Robert"]
[Black "Filipovic, Marko"]
[Result "1/2-1/2"]
[WhiteElo "2412"]
[BlackElo "2327"]
[PlyCount "94"]
[EventDate "2018.05.16"]
[EventType "team-swiss"]
[EventRounds "6"]
[EventCountry "CRO"]
[SourceTitle "CBM 184 Extra"]
[Source "ChessBase"]
[SourceDate "2018.06.28"]
[SourceVersion "1"]
[SourceVersionDate "2018.06.28"]
[SourceQuality "1"]
[WhiteTeam "Kastel Novi"]
[BlackTeam "Djakovo"]
[WhiteTeamCountry "CRO"]
[BlackTeamCountry "CRO"]

1. d4 Nf6 2. c4 c5 3. d5 b5 4. Qc2 bxc4 5. e4 e6 6. Bxc4 exd5 7. exd5 d6 8. Nf3 Be7 9. 0-0 0-0 10. h3 Na6 11. Nc3 Nc7 12. Bf4 Bb7 13. Rad1 Re8 14. Rfe1 Bf8 15. Rxe8 Qxe8 16. Bg5 Nd7 17. Re1 Qc8 18. Be7 h6 19. Qe4 Ba6 20. Bb3 Ne8 21. Bc2 Nef6 22. Qf4 Qc7 23. Nh4 Re8 24. Nf5 Bxe7 25. Rxe7 Rxe7 26. Nxe7+ Kf8 27. Nf5 Nb6 28. Be4 Nxe4 29. Qxe4 Bc8 30. Nb5 Bxf5 31. Qxf5 Qe7 32. Kf1 g6 33. Qf4 Kg7 34. Qxd6 Qxd6 35. Nxd6 Nxd5 36. g3 Kf8 37. Ke2 Nb6 38. Kd3 Ke7 39. Nc4 Nd7 40. Ke4 Ke6 41. Ne3 f5+ 42. Kd3 Nb6 43. b3 a6 44. a4 Nd5 45. Nc4 Nb4+ 46. Ke3 Nc2+ 47. Kd3 Nb4+ 1/2-1/2

[Event "CRO-chT1B 26th"]
[Site "Mali Losinj"]
[Date "2017.10.01"]
[Round "4.3"]
[White "Filipovic, Marko"]
[Black "Tomasic, Roland"]
[Result "1-0"]
[WhiteElo "2332"]
[BlackElo "2177"]
[PlyCount "63"]
[EventDate "2017.09.28"]
[EventType "team-tourn"]
[EventRounds "9"]
[EventCountry "CRO"]
[SourceTitle "EXT 2018"]
[Source "ChessBase"]
[SourceDate "2017.10.13"]
[SourceVersion "1"]
[SourceVersionDate "2017.10.13"]
[SourceQuality "1"]
[WhiteTeam "Djakovo Limmont"]
[BlackTeam "Strigova Stridon"]
[WhiteTeamCountry "CRO"]
[BlackTeamCountry "CRO"]

1. d4 f5 2. Nf3 Nf6 3. g3 g6 4. Bg2 Bg7 5. 0-0 0-0 6. c4 d6 7. Nc3 c6 8. b3 Qa5 9. Bd2 Qc7 10. Rc1 e5 11. d5 e4 12. Nd4 Ng4 13. Bf4 Ne5 14. Qd2 Qe7 15. Rfd1 Rd8 16. f3 exf3 17. exf3 Bf6 18. h4 c5 19. Ne6 Rd7 20. Bg5 Bxg5 21. hxg5 Na6 22. f4 Ng4 23. Bf3 h5 24. gxh6 Nxh6 25. Kg2 Qf6 26. Rh1 Nf7 27. g4 fxg4 28. Bxg4 Re7 29. Ne4 Rxe6 30. dxe6 Qg7 31. exf7+ Kf8 32. Qxd6+ 1-0

[Event "CRO-chT1B 26th"]
[Site "Mali Losinj"]
[Date "2017.09.30"]
[Round "3.4"]
[White "Bubalovic, Davorin"]
[Black "Filipovic, Marko"]
[Result "1/2-1/2"]
[WhiteElo "2241"]
[BlackElo "2332"]
[PlyCount "58"]
[EventDate "2017.09.28"]
[EventType "team-tourn"]
[EventRounds "9"]
[EventCountry "CRO"]
[SourceTitle "EXT 2018"]
[Source "ChessBase"]
[SourceDate "2017.10.13"]
[SourceVersion "1"]
[SourceVersionDate "2017.10.13"]
[SourceQuality "1"]
[WhiteTeam "Vinkovci"]
[BlackTeam "Djakovo Limmont"]
[WhiteTeamCountry "CRO"]
[BlackTeamCountry "CRO"]

1. e4 c5 2. Nf3 Nf6 3. e5 Nd5 4. Nc3 Nxc3 5. dxc3 e6 6. Bf4 Be7 7. Qd2 b6 8. h4 Ba6 9. 0-0-0 Bxf1 10. Rdxf1 Nc6 11. h5 h6 12. Rh3 Qc7 13. Rg3 Bf8 14. Qe2 0-0-0 15. Rg4 Ne7 16. Nd2 Nf5 17. Nc4 Rg8 18. Rd1 g5 19. Nd6+ Bxd6 20. exd6 Qc6 21. Be5 Rdf8 22. Bf6 Kb7 23. Qe5 c4 24. b3 b5 25. Kb2 Ka8 26. Be7 Rb8 27. Ra1 Rgc8 28. Bf6 Qa6 29. b4 Qa4 1/2-1/2

[Event "Bizovac Metalis op 14th"]
[Site "Bizovac"]
[Date "2007.02.23"]
[Round "3"]
[White "Filipovic, Marko"]
[Black "Franic, Ivo"]
[Result "1-0"]
[WhiteElo "2287"]
[BlackElo "1869"]
[PlyCount "73"]
[EventDate "2007.02.22"]
[EventType "swiss"]
[EventRounds "7"]
[EventCountry "CRO"]
[SourceTitle "CBM 116 Extra"]
[Source "ChessBase"]
[SourceDate "2007.03.07"]
[SourceVersion "1"]
[SourceVersionDate "2007.03.07"]
[SourceQuality "1"]

1. d4 d5 2. c4 c6 3. Nc3 Nf6 4. Nf3 e6 5. e3 Be7 6. Bd3 Nbd7 7. 0-0 0-0 8. e4 dxe4 9. Nxe4 h6 10. Qe2 Nxe4 11. Qxe4 Nf6 12. Qe2 Ne8 13. b3 Nc7 14. Bb2 Re8 15. Rad1 Bd6 16. Ne5 f5 17. f4 Bxe5 18. Qxe5 Re7 19. Rf3 Rf7 20. Rg3 Ne8 21. Be2 Qd6 22. Bh5 Re7 23. d5 exd5 24. Rxg7+ Rxg7 25. Qxe8+ Qf8 26. Qxf8+ Kxf8 27. Bxg7+ Kxg7 28. cxd5 cxd5 29. Rxd5 Be6 30. Re5 Kf6 31. Bf3 Rd8 32. Bxb7 Rd1+ 33. Kf2 h5 34. h4 Ra1 35. Ra5 Rc1 36. Bf3 Rc7 37. Ra6 1-0

[Event "CRO-chT2 East"]
[Site "Croatia"]
[Date "2005.04.23"]
[Round "4.4"]
[White "Brkic, Ante"]
[Black "Filipovic, Marko"]
[Result "1-0"]
[WhiteElo "2458"]
[BlackElo "2253"]
[PlyCount "91"]
[EventDate "2005.03.19"]
[EventType "team"]
[EventRounds "11"]
[EventCountry "CRO"]
[SourceTitle "EXT 2007"]
[Source "ChessBase"]
[SourceDate "2006.11.23"]
[SourceVersion "1"]
[SourceVersionDate "2006.11.23"]
[SourceQuality "1"]
[WhiteTeam "Slavonski Brod"]
[BlackTeam "Valpovo HC"]
[WhiteTeamCountry "CRO"]
[BlackTeamCountry "CRO"]

1. e4 e6 2. d4 d5 3. Nc3 Bb4 4. e5 c5 5. a3 Bxc3+ 6. bxc3 Ne7 7. Qg4 Kf8 8. Bd3 b6 9. Nf3 Ba6 10. dxc5 Bxd3 11. cxd3 bxc5 12. 0-0 h6 13. a4 Kg8 14. Rb1 Nd7 15. h4 Nc6 16. Re1 Rb8 17. Bf4 Qc8 18. Rb5 a6 19. Rbb1 Na5 20. h5 c4 21. d4 Rxb1 22. Rxb1 Kh7 23. Nh4 Qc6 24. Re1 Qc8 25. Re3 Nc6 26. Rg3 Rg8 27. Be3 Ne7 28. Qf4 Qe8 29. Rf3 Rf8 30. Qg4 Rg8 31. Bc1 Nc6 32. Qf4 f5 33. g4 fxg4 34. Qxg4 Ndxe5 35. dxe5 Nxe5 36. Qg3 Nxf3+ 37. Qxf3 Qxa4 38. Qe2 Re8 39. Ng6 e5 40. Kh2 e4 41. Qg4 Qc2 42. Be3 Qxc3 43. Qd7 Rb8 44. Qxd5 Qd3 45. Qf5 Re8 46. Ne5+ 1-0

[Event "CRO-chT2 East"]
[Site "Croatia"]
[Date "2005.04.23"]
[Round "5.4"]
[White "Filipovic, Marko"]
[Black "Hodak, Stevo"]
[Result "1/2-1/2"]
[WhiteElo "2253"]
[BlackElo "2240"]
[PlyCount "36"]
[EventDate "2005.03.19"]
[EventType "team"]
[EventRounds "11"]
[EventCountry "CRO"]
[SourceTitle "EXT 2007"]
[Source "ChessBase"]
[SourceDate "2006.11.23"]
[SourceVersion "1"]
[SourceVersionDate "2006.11.23"]
[SourceQuality "1"]

1. d4 d5 2. c4 e6 3. Nf3 Nf6 4. g3 Be7 5. Bg2 0-0 6. 0-0 b6 7. Nc3 Bb7 8. Ne5 Nbd7 9. Qa4 Nxe5 10. dxe5 Ne4 11. cxd5 Nxc3 12. bxc3 exd5 13. c4 c6 14. cxd5 cxd5 15. Rd1 Bc5 16. Bb2 a5 17. e4 d4 18. Bf1 Qe8 1/2-1/2

[Event "CRO-ch U19"]
[Site "Pula"]
[Date "2001.??.??"]
[Round "2"]
[White "Filipovic, Marko"]
[Black "Brkic, Ante"]
[Result "1-0"]
[WhiteElo "2261"]
[BlackElo "2208"]
[PlyCount "69"]
[EventDate "2001.??.??"]
[EventType "swiss"]
[EventRounds "9"]
[EventCountry "CRO"]
[SourceTitle "EXT 2002"]
[Source "ChessBase"]
[SourceDate "2001.11.25"]
[SourceVersion "1"]
[SourceVersionDate "2001.11.25"]
[SourceQuality "1"]

1. d4 Nf6 2. c4 c5 3. d5 e5 4. Nc3 d6 5. e4 g6 6. Bd3 Bg7 7. Nge2 0-0 8. Ng3 Na6 9. f3 Nc7 10. Be3 Bd7 11. a3 Kh8 12. 0-0 h5 13. h3 Nh7 14. Qd2 Bf6 15. b4 Na6 16. Rab1 Bg5 17. f4 exf4 18. Bxf4 Bxf4 19. Qxf4 cxb4 20. axb4 Qb6+ 21. Qf2 Kg7 22. Nge2 Qxf2+ 23. Rxf2 f6 24. Nd4 Ng5 25. h4 Nf7 26. Ncb5 Rfc8 27. Rbf1 Nxb4 28. Rxf6 Ne5 29. Be2 Rf8 30. Rxd6 Rxf1+ 31. Bxf1 a6 32. Rb6 Rb8 33. Nd6 Kf8 34. c5 Ke7 35. Nxb7 1-0

[Event "CRO-ch U19"]
[Site "Pula"]
[Date "2001.??.??"]
[Round "4"]
[White "Filipovic, Marko"]
[Black "Zilic, Ivan"]
[Result "1-0"]
[WhiteElo "2261"]
[BlackElo "2056"]
[PlyCount "66"]
[EventDate "2001.??.??"]
[EventType "swiss"]
[EventRounds "9"]
[EventCountry "CRO"]
[SourceTitle "EXT 2002"]
[Source "ChessBase"]
[SourceDate "2001.11.25"]
[SourceVersion "1"]
[SourceVersionDate "2001.11.25"]
[SourceQuality "1"]

1. d4 d5 2. c4 c6 3. e3 Nf6 4. Nf3 e6 5. Nbd2 Be7 6. Bd3 Nbd7 7. 0-0 0-0 8. b3 dxc4 9. Nxc4 c5 10. Bb2 b6 11. Rc1 Bb7 12. Qe2 cxd4 13. Nxd4 Nc5 14. Bb1 Qd5 15. f3 Qg5 16. Qc2 Qh6 17. b4 Ncd7 18. Qb3 Nd5 19. Rfd1 Bg5 20. Rd3 Ba6 21. f4 Bf6 22. Nf5 Qh5 23. Ng3 Qg4 24. e4 Bxb2 25. Qxb2 Bxc4 26. Rxc4 N5f6 27. e5 Nd5 28. Rcd4 Rfd8 29. Qd2 Qh4 30. Nf5 exf5 31. Rxd5 g6 32. Rxd7 Rxd7 33. Rxd7 a5 1-0